000 00545nam a22001937a 4500
003 KOHA_MİRAKIL
005 20250411170303.0
008 250411b tu ||||| |||| 00| 0 tur d
020 _a9786258327717
040 _aTR-AnABB
_btur
_cTR-AnABB
041 _atur
082 _a828.3354
_bCHI 2022
100 1 _aChizmar, Richard,
245 1 0 _aUmacı'nın peşinde /
_cRichard Chizmar
260 _aİstanbul :
_bİthaki Yayınları,
_c2022
300 _a337 sayfa ;
_c21 cm
650 0 4 _aAmerikan edebiyatı, roman
942 _2ddc
_cBK
999 _c8657
_d8657
900 _bGizem YORULMAZ